Hướng dẫn sử dụng Flash 5.0

Saved in:
Bibliographic Details
Main Author: PHẠM QUANG HUY
Format: Book
Language:Undetermined
Published: Thống kê 2002
Tags: Add Tag
No Tags, Be the first to tag this record!
Institutions: Trung tâm Học liệu Trường Đại học Cần Thơ
LEADER 00449nam a2200145Ia 4500
001 CTU_48664
008 210402s9999 xx 000 0 und d
082 |a 006.68 
082 |b H523 
100 |a PHẠM QUANG HUY 
245 0 |a Hướng dẫn sử dụng Flash 5.0 
245 0 |c PHẠM QUANG HUY, Hồ Chí Hòa, Phạm Quang Hiển 
260 |b Thống kê 
260 |c 2002 
980 |a Trung tâm Học liệu Trường Đại học Cần Thơ